Statistics for Food Logos

Click here to take the quiz!

General Stats

  • This quiz has been taken 54 times
  • The average score is 8 of 10

Answer Stats

HintAnswer% Correct
DQ ( Easy )Dairy Queen
93%
DD!Dunkin Donuts
85%
Greek eating pizzaLittle Caesars
85%
An MMcDonalds
85%
That blue hedgehogSonic
85%
A girl for their logoWendy's
85%
Chinese foodPanda Express
83%
ChipsLay's
75%
Colonel SandersKFC
65%
A chicken shaped footprint?Popeyes
65%

Score Distribution

Percentile by Number Answered

Percent of People with Each Score

Your Score History

You have not taken this quiz